书目信息 |
| 题名: |
中国民歌精选
|
|
| 作者: | 徐荣坤 , 赵哲亮 编 | |
| 分册: | ||
| 出版信息: | 天津 百花文艺出版社 2005 |
|
| 页数: | 18,413页 | |
| 开本: | 21cm | |
| 丛书名: | ||
| 单 册: | ||
| 中图分类: | J642.2 | |
| 科图分类: | ||
| 主题词: | 民歌--歌曲--中国--选集 , 民歌 | |
| 电子资源: | ||
| ISBN: | 7-5306-4035-6 | |
| 000 | 00817nam0 2200253 450 | |
| 001 | 012007052934 | |
| 005 | 20070515113517.75 | |
| 010 | @a7-5306-4035-6@dCNY25.00 | |
| 100 | @a20070424d2005 km y0chiy0120 ea | |
| 101 | 0 | @achi |
| 102 | @aCN@b120000 | |
| 105 | @ay z 000yy | |
| 106 | @ar | |
| 200 | 1 | @a中国民歌精选@Azhong guo min ge jing xuan@f徐荣坤,赵哲亮编@Fxu rong kun,zhao zhe liang bian |
| 210 | @a天津@c百花文艺出版社@d2005 | |
| 215 | @a18,413页@d21cm | |
| 330 | @a本书收录的民歌范围有:陕西民歌、山西民歌、内蒙民歌、甘肃民歌、宁夏民歌、青海民歌、北京民歌、天津民歌、河北民歌等。 | |
| 606 | 0 | @a民歌@x歌曲@y中国@j选集 |
| 606 | 0 | @a民歌 |
| 690 | @aJ642.2@v4 | |
| 701 | 0 | @a徐荣坤@Axu rong kun@4编 |
| 701 | 0 | @a赵哲亮@Azhao zhe liang@4编 |
| 801 | 0 | @aCN@bRULIN@c20070515 |
| 905 | @dJ642.2@e211@s5 | |
| 中国民歌精选/徐荣坤,赵哲亮编.-天津:百花文艺出版社,2005 |
| 18,413页;21cm |
| ISBN 7-5306-4035-6:CNY25.00 |
| 本书收录的民歌范围有:陕西民歌、山西民歌、内蒙民歌、甘肃民歌、宁夏民歌、青海民歌、北京民歌、天津民歌、河北民歌等。 |
| ● |
| 相关链接 |
|
|
|
|
正题名:中国民歌精选
索取号:J642.2/211
 
预约/预借
| 序号 | 登录号 | 条形码 | 馆藏地/架位号 | 状态 | 备注 |
| 1 | 0570647 | 205706477 | 第一样本阅览室/ [索取号:J642.2/211] | 在馆 | |
| 2 | 0570648 | 205706486 | 第一借阅区/ [索取号:J642.2/211] | 在馆 | |
| 3 | 0570649 | 205706495 | 第一借阅区/ [索取号:J642.2/211] | 在馆 | |
| 4 | 0570650 | 205706501 | 第一借阅区/ [索取号:J642.2/211] | 在馆 | |
| 5 | 0570651 | 205706510 | 第一借阅区/ [索取号:J642.2/211] | 在馆 |